000 00743cam a2200265 a 4500
001 000009563
003 UkOxU
005 20200929161627.0
008 880808s1994 sp 000 f spa d
020 _a843223012X
040 _aDO-SdBNP
_bspa
_cLC
_dBNPHU
082 _a863.64
_bM539L, 1994
100 1 _aMendoza, Eduardo,
_d1943-
_921986
245 1 3 _aEl laberinto de las aceitunas /
_cEduardo Mendoza.
250 _a18a ed.
260 _aBarcelona :
_bSeix Barral,
_c1994.
300 _a271 p. ;
_c18 cm.
490 1 _aBiblioteca de bolsillo
650 4 _aNovela española
_91123
650 4 _aLiteratura española
_9632
830 0 _aBiblioteca de bolsillo
_95816
910 _aCatalogación derivada
910 _aWM
049 _aBNGR
999 _c9323
_d9323